El quehacer ético: guía para la educación moral

Shranjeno v:
Bibliografske podrobnosti
Glavni avtor: Cortina Orts, Adela (Author)
Format: Knjiga
Jezik:španščina
Izdano: Madrid Santillana 1996
Serija:Aula XXI, 61
Teme:
Oznake: Označite
Brez oznak, prvi označite!

MARC

LEADER 00000nam a2200000 a 4500
001 UCK6450
003 CL-VaPUC
008 050930e19960000SP |||||||||||||||||spa|d
020 |a 8429448810 
082 0 4 |a 370.114  |b COR  |2 21 
100 0 |a Cortina Orts, Adela  |e author  |9 495771 
245 1 3 |a El quehacer ético: guía para la educación moral 
300 |a 128 p 
942 |c BK 
945 |d 20050930 00:00:00  |a jcarroza 
260 |a Madrid  |b Santillana  |c 1996 
650 0 |a Educación moral  |9 308319 
650 0 |a Ética  |9 255099 
650 0 |a Enseñanza  |9 256457 
583 |a last modification  |c 20050930 00:00:00  |k Rodrigo Vera 
490 0 |a Aula XXI, 61 
999 |c 314737  |d 314735 
952 |0 0  |1 0  |4 0  |6 370_114000000000000_COR_1996  |7 0  |8 A  |9 387447  |a BIBEDU  |b BIBEDU  |d 2019-11-22  |i 4155696  |l 2  |m 1  |o 370.114 COR 1996  |p 4155696  |r 2022-12-09  |s 2022-11-24  |w 2019-11-22  |y BK  |k EPE 
952 |0 0  |1 0  |4 0  |6 370_114000000000000_COR_1996  |7 0  |8 A  |9 387448  |a BIBEDU  |b BIBEDU  |d 2019-11-22  |i 4679334  |o 370.114 COR 1996  |p 4679334  |r 2019-11-22  |w 2019-11-22  |y BK  |k EBA